Francis Alys / (Record no. 352909)

000 -LEADER
fixed length control field 00919 a2200289 4500
003 - CONTROL NUMBER IDENTIFIER
control field OSt
005 - DATE AND TIME OF LATEST TRANSACTION
control field 20180116192350.0
008 - FIXED-LENGTH DATA ELEMENTS--GENERAL INFORMATION
fixed length control field 120601t xxu||||| |||| 00| 0 eng d
010 ## - LIBRARY OF CONGRESS CONTROL NUMBER
LC control number 2010283457
020 ## - INTERNATIONAL STANDARD BOOK NUMBER
International Standard Book Number 9780714843216
020 ## - INTERNATIONAL STANDARD BOOK NUMBER
International Standard Book Number 0714843210
035 ## - SYSTEM CONTROL NUMBER
System control number (OCoLC)ocn149388874
040 ## - CATALOGING SOURCE
Transcribing agency 0
082 04 - DEWEY DECIMAL CLASSIFICATION NUMBER
Classification number 709.2
100 1# - MAIN ENTRY--PERSONAL NAME
Personal name Medina, Cuauhtemoc.
9 (RLIN) 3676
245 10 - TITLE STATEMENT
Title Francis Alys /
Statement of responsibility, etc. Cuauhtemoc Medina, Russell Ferguson, Jean Fisher.
260 ## - PUBLICATION, DISTRIBUTION, ETC.
Place of publication, distribution, etc. London ;
Date of publication, distribution, etc. New York, NY :
Name of publisher, distributor, etc. Phaidon Press,
Date of publication, distribution, etc. c2007.
300 ## - PHYSICAL DESCRIPTION
Extent 158 p. :
Other physical details col. ill. ;
Dimensions 30 cm.
600 10 - SUBJECT ADDED ENTRY--PERSONAL NAME
Personal name Alys, Francis,
Dates associated with a name 1959-
9 (RLIN) 3677
600 10 - SUBJECT ADDED ENTRY--PERSONAL NAME
Personal name Alys, Francis.
9 (RLIN) 3678
650 #0 - SUBJECT ADDED ENTRY--TOPICAL TERM
Topical term or geographic name entry element Conceptual art
Geographic subdivision Mexico.
9 (RLIN) 3679
700 1# - ADDED ENTRY--PERSONAL NAME
Personal name Alys, Francis,
Dates associated with a name 1959-
9 (RLIN) 3680
700 1# - ADDED ENTRY--PERSONAL NAME
Personal name Ferguson, Russell.
9 (RLIN) 3681
700 1# - ADDED ENTRY--PERSONAL NAME
Personal name Fisher, Jean.
9 (RLIN) 3682
942 ## - ADDED ENTRY ELEMENTS (KOHA)
Institution code [OBSOLETE] SADA
Koha item type Book
Call number prefix 709.2 MED 2007
Source of classification or shelving scheme
Holdings
Withdrawn status Lost status Source of classification or shelving scheme Damaged status Not for loan Permanent Location Current Location Date acquired Total Checkouts Full call number Barcode Date last seen Cost, replacement price Price effective from Koha item type
          School of Art Design and Architecture (SADA) School of Art Design and Architecture (SADA) 05/20/2011   709.2 MED 2007 SADA0001059 08/05/2011 2139.00 08/05/2011 Book
© 2023 Central Library, National University of Sciences and Technology. All Rights Reserved.